Diary of a Wimpy Kid characters Quiz Stats

 Plays Quiz not verified by Sporcle

Challenge
Share
Tweet
Embed
Score 0/7 Timer 10:00
0 Plays Today
hint character % Correct
main characterGreg Heffley
96.4%
main character's big brotherRodrick Heffley
94.4%
main character's little brotherManny Heffley
93%
main character's best friendRowley Jefferson
81%
main character's weird neighborFregley
76.3%
main character's momSusan Heffley
74.8%
main character's dadFrank Heffley
63.1%

You're not logged in!

Compare scores with friends on all Sporcle quizzes.
Join for Free
OR
Log In

You Might Also Like...

Show Comments

Extras

Created Oct 19, 2009ReportNominate
Tags:character, diary, kid, Wimpy Kid

Top Quizzes Today


Score Distribution

Your Account Isn't Verified!

In order to create a playlist on Sporcle, you need to verify the email address you used during registration. Go to your Sporcle Settings to finish the process.

Report this User

Report this user for behavior that violates our Community Guidelines.

Details: